| 000 | 01109nam a2200169 i 4500 | ||
|---|---|---|---|
| 001 | 166236 | ||
| 003 | ES-MaACL | ||
| 005 | 20230906213306.0 | ||
| 008 | 050914m19001927gw d |||| | lat d | ||
| 245 | 0 | 0 |
_aThesaurus linguae latinae _b: editus auctoritate et consilio Academiarum quinque Germanicarum Berolinenses, Gottingensis, Lipsiensis, Monacensis, Vindobonensis. |
| 260 |
_aLipsiae : _bin aedibus B.G. Teubneri, _c1900-1927. |
||
| 300 |
_av. ; _c33 cm. |
||
| 505 | 8 | _aContiene: I. A- AN, 1900 - II. AN-Byzeres, 1906 - III. C-Comus, 1912 - IV. Con-Cyulus, 1909 - V. Fasc. I-VII: D- DO, 1910-1923 - VI. Fasc. I-VIII: F-Gemo, 1913-1927 - Supplementum nomina propria latina. Fasc. I-IV: C-Cyzistra, 1909-1913 - Index librorum scriptorum inscriptionum ex quibus exempla adferuntur, 1904 - Onomasticon: V.III, Fasc. I, D-Didius, 1918 | |
| 650 | 4 |
_aLengua latina- _vDiccionarios. _914292 |
|
| 752 |
_aAlemania - _dLeipzig |
||
| 852 |
_aES-MaACL _jB-11793-801 _z- Enc. hol. en T. I-IV y rúst. en T. V-VI y en los 4 fasc. del "Supplementum", el "Index" y el "Onomasticon" _q- Contiene únicamente los T. I-VI |
||
| 999 |
_c166236 _d166236 |
||